Quantum electronics (Record no. 15191)

000 -LEADER
fixed length control field 00693nam a22002417a 4500
001 - CONTROL NUMBER
control field 15191
003 - CONTROL NUMBER IDENTIFIER
control field BD-DhUET
008 - FIXED-LENGTH DATA ELEMENTS--GENERAL INFORMATION
fixed length control field 150311b xxu||||| |||| 00| 0 eng d
040 ## - CATALOGING SOURCE
Original cataloging agency DLC
Transcribing agency DLC
Modifying agency BD-DhUET
082 ## - DEWEY DECIMAL CLASSIFICATION NUMBER
Classification number 537.5
Item number FAI/1969
100 ## - MAIN ENTRY--PERSONAL NAME
Personal name Fain, V. M.
245 ## - TITLE STATEMENT
Title Quantum electronics
Remainder of title in two volumes
250 ## - EDITION STATEMENT
Edition statement 1st ed.
260 ## - PUBLICATION, DISTRIBUTION, ETC. (IMPRINT)
Place of publication, distribution, etc. Oxford
Name of publisher, distributor, etc. Pergamon Press
Date of publication, distribution, etc. 1969
300 ## - PHYSICAL DESCRIPTION
Extent xix,311p.
Other physical details illus.
490 ## - SERIES STATEMENT
Series statement International series of monographs in natural philosophy
500 ## - GENERAL NOTE
General note Volume- 2 : Maser amplifiers oscillators

504 ## - BIBLIOGRAPHY, ETC. NOTE
Bibliography, etc Includes bibliographies
650 #0 - SUBJECT ADDED ENTRY--TOPICAL TERM
Topical term or geographic name as entry element Electronics:Physics
700 ## - ADDED ENTRY--PERSONAL NAME
Personal name Khanin, Ya. I.
700 ## - ADDED ENTRY--PERSONAL NAME
Personal name Sanders, J. H.
942 ## - ADDED ENTRY ELEMENTS (KOHA)
Koha item type General Book
Holdings
Price effective from Koha normalized classification for sorting Not for loan Lost status Koha date last seen Sublocation or collection (holding branch) Location (home branch) Piece designation (barcode) Koha item type Source of classification or shelving scheme Copy number Shelving location Withdrawn status Damaged status Date acquired Koha full call number
2015-03-11537_500000000000000_FAI_1969  2015-03-11Central Library, BUETCentral Library, BUET16854General Book 1Circulation section  2015-03-11537.5/FAI/1969
2015-03-11537_500000000000000_FAI_1969  2015-03-11Central Library, BUETCentral Library, BUET17302General Book 2Circulation section  2015-03-11537.5/FAI/1969